Statistics for Multiply Easily in 15 seconds

Click here to take the quiz!

General Stats

  • This quiz has been taken 253 times
  • The average score is 9 of 15

Answer Stats

EquationAnswer% Correct
2x36
95%
2x24
90%
2x48
89%
3x412
84%
3x824
79%
3x927
77%
5x15
70%
7x428
57%
7x963
48%
11x111
41%
9x981
41%
21x242
35%
10x10100
25%
12x10120
23%
3x1133
23%

Score Distribution

Percentile by Number Answered

Percent of People with Each Score

Your Score History

You have not taken this quiz